Visualizzazione normale
Vista MARC
- una copia a parte
di Personal Name
Records bibliografici associati: 8
001 - CONTROL NUMBER
- control field: 13397
003 - CONTROL NUMBER IDENTIFIER
- control field: IT-RoPau
005 - DATE AND TIME OF LATEST TRANSACTION
- control field: 20140213151934.0
008 - FIXED-LENGTH DATA ELEMENTS
- fixed length control field: 140213|| aca||aabn | a|a d
040 ## - CATALOGING SOURCE
- Original cataloging agency: IT-RoPau
- Transcribing agency: IT-RoPau
100 ## - HEADING--PERSONAL NAME
- Personal name: una copia a parte
670 ## - SOURCE DATA FOUND
- Source citation: Work cat.: (IT-RoPau)4691: Pio XII 1074, La vita religiosa nel magistero di Pio XII, 1961